Quizzes
Events
Quiz Creation
Community
Videos
Private Events
Remove Ads
Sign In
Join for FREE
Feedback
Dark Mode
Quiz Categories
Sports
Geography
Music
Movies
Television
Just For Fun
Miscellaneous
History
Literature
Language
Science
Gaming
Entertainment
Religion
Holiday
For Kids
Quiz Lab
Recent
Popular Today
Quiz Kudos Today
Editor Picks
Curator Picks
Quizzes by...
Day
Popularity
Type
Ratings
Length
Year
Community
Subscriptions
Recent Discussions
Orange Saloon
Badges
Playlists
Quests
Create
Leaderboards
Showdown
Live 5
Trivia Bingo
Activity
Puzzle Library
Sporcle Events
Private Events
Virtual Trivia
Globe League
Become a Host
Pub Owners
SporcleCon
Opinionation
Our Games
Videos
Blog
Mobile Apps
Partnerships
Remove Ads and Go Orange
Feedback
Language
Vocabulary
Begins and Ends
Definition
Spanish
French
German
Italian
Chinese
Latin
Translation
Japanese
Language
Vocabulary
Begins and Ends
Definition
Spanish
French
German
Italian
Chinese
Latin
Translation
Japanese
Random Quiz
Search Sporcle
×
Quiz Lab
Quiz Lab
Language
Country
Type in answers that appear in a list
Type in answers that appear in a list
Classic
Best Score? Go Orange.
Countries in local language Stats
Can you name the countries from their local languages?
By
kajhaj
5m
32 Questions
132 Plays
132 Plays
132 Plays
Comments
Comments
Give Quiz Kudos
Give Quiz Kudos
-
- Ratings
hide this ad
Forced Order
Answers have to be entered in order
Answers have to be entered in order
Replay
Link that replays current quiz
Next Quiz
Link to next quiz in quiz playlist
You Got
0%
They Got
Avg Score
72%
Avg Friend Score
Upgrade to see
Score Distribution
Jump to the score distribution portion of the page
Score
0/32
Timer
05:00
0
Plays Today
Country in local language
Country in english
% Correct
Norge
Norway
98.5%
Deutschland
Germany
96.2%
Sverige
Sweden
94.7%
Mongol Uls
Mongolia
93.9%
Nihon/
Nippon
Japan
91.7%
as-
Saʻūdīyâ
Saudi Arabia
90.9%
Österreich
Austria
90.2%
Suomi
Finland
88.6%
Zhōngguó
China
87.9%
die Schweiz
Switzerland
87.1%
Magyarország
Hungary
85.6%
Centrafrique Bê-
Afrîka
Central African Republic
84.8%
Eesti
Estonia
83.3%
Lubnān
Lebanon
80.3%
Elláda/
Ellas
Greece
76.5%
Ityoṗya
Ethiopia
74.2%
Country in local language
Country in english
% Correct
Dawlât al-
Imārāt al-
‘Arabīyâ al-
Muttaḥidâ
United Arab Emirates
71.2%
al-
Urdun
Jordan
70.5%
Bāṅlādēś
Bangladesh
69.7%
Bhārat
India
69.7%
Prathēt tai
Thailand
68.9%
Hanguk
South Korea
66.7%
Hrvatska
Croatia
66.7%
Lāw
Laos
61.4%
al-
Jazā’ir
Algeria
60.6%
Shqipëria
Albania
59.1%
Joseon
North Korea
58.3%
Crna Gora
Montenegro
50%
Hayastan
Armenia
44.7%
druk-
yul
Bhutan
43.9%
Viti
Fiji
34.8%
Dhivehi
Maldives
25%
Quiz Playlist
Details
Report
Send in Message
Add To Playlist
Classic:
Type in answers that appear in a list
Forced Order:
Answers have to be entered in order
Quiz Source
Last Updated: Feb 16, 2017
Quiz Scoreboard
CHALLENGE
Sign Up to Join the Scoreboard
Show All
Scores
Hide
Comments
May contain spoilers
Recently Published
Movies - When Are They Set?
by FPL_Elf
Movies
5m
Popular People in 1961
by mucciniale
History
6m
1-10 Letter E Words III
by El_Dandy
Language
2m
More to Explore
Quiz From the Vault
Featured Blog Post
Where Did the Easter Bunny Come From?
hide this ad
You Might Also Like...
Tags
Country Quiz
local
Today's Top Quizzes in Language
Browse Language
hide this ad
Today's Top Quizzes in Country
Browse Country
Top Contributed Quizzes in Language
1
1-10 Letter F Words III
2
Order Up: Top 10 Most Native Spoken Languages
3
1-10 Letter G Words III
4
1-10 Letter H Words III
5
One Thing in Common: Italy
6
1-10 Letter I Words III
7
Weisst du, aus welchen Sprachen diese Wörter stammen?
8
1-10 Letter J Words III
9
Begins and Ends With AN
10
Hiragana Speed Reading
Explore More
Trending Topics
Disney
Crossword
Marvel
NBA
Anime
Kpop
Harry Potter
Song
WWE
The Office
Puzzle
Soccer
NFL
Country
Pokémon
hide this ad
More By:
kajhaj
Quiz
Plays
Rating
Category
Featured
Created
Nobel laureates in literature
248
Literature
Jul 21, 2011
Countries in local language
132
4.17
Language
Nov 27, 2010
Capitals missing top three
69
5.00
Geography
Jan 28, 2015
Go to Creator's Profile
Score Distribution
Quiz Creator Spotlight
kajhaj
Follow
Send a Message
Quizzes Created
-
Created Quiz Play Count
-
More By This Creator
Popular Quizzes Today
1
Find the Countries of Europe - No Outlines Minefield
2
Find the US States - No Outlines Minefield
3
The Countries of the World
4
Popular People in 1961
5
US States
6
1-10 Letter E Words III
7
Find the US States
8
One Thing in Common: World Cities II
More Language Quizzes
Stuck in the Middle with 'B' (A-Z)
Published
Trending Quizzes
Risky Map Clicking: Least Populous States A-Z
1-10 Letter F Words
1-10 Letter G Words
One Thing in Common: United Kingdom
Risky Map Clicking: Next State Alphabetically
Recently Updated
Leaping Animals
pecheneg
Reality TV Shows (A-Z)
bhenderson79
Rickey Henderson's Hall of Fame Teammates
pecheneg
Champions League XIs: Arsenal
pecheneg
Quick Pick: Celebrities in WWE's Hall of Fame
aduchscher
A-Z Keypad Blitz II
pecheneg
Multiple Oscar Actors
pecheneg
Mystery Phrase Blitz: Oscar 'Best Actors'
pecheneg
F. Scott Fitzgerald Novels
LTH
Pick 3 Villains
ddd62291
Trending Topics
Disney
Marvel
Crossword
Harry Potter
Anime
Kpop
NBA
The Office
Pokémon
Song
Country
NFL
Soccer
Puzzle
WWE
Your Account Isn't Verified!
In order to create a playlist on Sporcle, you need to verify the email address you used during registration. Go to your
Sporcle Settings
to finish the process.
Report this User
Report this user for behavior that violates our
Community Guidelines
.
Details:
Send Report
Go to the Sporcle.com Mobile Site →
Comments